Koncepčný návrh deleného výložníka kolesového rýpadla s objemom lopaty 0,9 m3
Saved in:
| Main Author: | |
|---|---|
| Other Authors: | |
| Format: | Manuscript Book |
| Language: | Slovak |
| Published: |
2025
|
| Subjects: | |
| Online Access: | http://is.stuba.sk/zp/portal_zp.pl?podrobnosti=185123 |
| Tags: |
No Tags, Be the first to tag this record!
|
MARC
| LEADER | 00000ntm a22000003a 4500 | ||
|---|---|---|---|
| 001 | stuzp104698 | ||
| 003 | SK-STU | ||
| 005 | 20250628211917.5 | ||
| 007 | ta | ||
| 008 | 150427s2015----xo-----f-mn---000-0-slo-d | ||
| 040 | |a STU |b slo | ||
| 041 | 0 | |a slo | |
| 100 | 1 | |a Ferenčík, Patrik |u 020030 |4 aut |U SjF Strojnícka fakulta |T SjF Ústav automobilového inžinierstva a konštruovania |X 115796 |U J0030 |Y 806 |7 115796 | |
| 242 | 0 | 1 | |a Conceptual design of a two-piece boom for a wheeled excavator with a bucket volume of 0.9 m3 |y eng |
| 245 | 1 | 0 | |a Koncepčný návrh deleného výložníka kolesového rýpadla s objemom lopaty 0,9 m3 |
| 260 | |c 2025 | ||
| 650 | 4 | |a dvojdielny výložník |2 slo | |
| 650 | 4 | |a návrh |2 slo | |
| 650 | 4 | |a kolesové rýpadlo |2 slo | |
| 650 | 4 | |a výložník |2 slo | |
| 650 | 4 | |a wheeled excavator |2 eng | |
| 650 | 4 | |a variable angle boom |2 eng | |
| 650 | 4 | |a design |2 eng | |
| 650 | 4 | |a boom |2 eng | |
| 700 | 1 | |a Protasov, Roman |u 020030 |k Z1 |4 ths |U SjF Strojnícka fakulta |T SjF Ústav automobilového inžinierstva a konštruovania |X 101680 |U J0030 |Y 806 |7 101680 | |
| 856 | 4 | |u http://is.stuba.sk/zp/portal_zp.pl?podrobnosti=185123 | |